000 00822nam a2200229 a 4500
001 000043503
005 20240530073922.0
008 140320s2013 dr a 000 f spa d
020 _a9789945434057
040 _aDO-SdBNP
_bspa
_cBNPHU
082 _aRD863.44
_bU15s
100 1 _aUbrí Pimentel, Ramón Arturo
_971206
245 1 3 _aLa sortija de la Muerte I :
_bnovela /
_cRamón Arturo Ubrí Pimentel ; prólogo Pedro Antonio Marchena Matos.
260 _aSanto Domingo :
_bBúho,
_c2013.
300 _a110 p. :
_bil. ;
_c23 cm.
500 _aIncluye datos biográficos del autor en las solapas
590 _aInventariado, 2020 /LP
650 0 _aNovela dominicana
_9223
650 0 _aLiteratura dominicana.
_967
700 1 2 _aMarchena Matos, Pedro Antonio,
_epról.
_971207
910 _aValidado. Control de calidad MFF
999 _c42992
_d42992